000 01145nam a2200217Ia 4500
999 _c38507
_d38507
001 4608
003 GE_BSU
005 20190510201750.0
008 181216s2005||||ge |||||||||||||| ||geo||
040 _cGE_BSU
041 _ageo
080 _a657(038) + 81'374.26=111=353.1 ი–29
100 _aიაშვილი, ნინო
_91031
245 _aბუღალტრული ტერმინების მოკლე ინგლისურ–ქართული ლექსიკონი = English-Georgian Short Dictionary of Accounting Terms /
_cნინო იაშვილი , ეკა მაღალაშვილი , რედ : ზაურ ნაჭყებია
264 _aთბილისი.:
_bინოვაცია,
_c2005.
300 _a152გვ . ;
_c14 სმ.
653 _aბუღალტრული ტერმინების ინგლისურ-ქართული ლექსიკონი
700 _aმაღალაშვილი, ეკა
_91032
700 _aნაჭყებია, ზაურ
_eრედაქტორი
_91033
942 _cBK
_2udc